000 00508cam a22002054a 4500
005 20250605164301.0
008 250528s ||||||||||||||||||||||||d
035 _a22068
020 _a9780857021274
040 _aGR-AtMCL
_bgre
_dGR-AtMCL
_eAACR2
245 1 _aINTEGRATIVE COUNSELLING AND PSYCHOTHERAPY
250 _a1
260 _bSage Publications,
_c2012
300 _a176
700 1 _aFaris Ariana
_97944
700 1 _aOoijen Els Van
_97945
942 _cBK
999 _c7124
_d7124